arts et civilisations : oeuvres : Rome - Statistiques

Statistiques générales
  • Ce quiz a été pris 9 fois
  • Le résultat moyen est 18 sur 81
Statistiques - réponses
Par images Réponse % Correct
colisée
83%
ara pacis
67%
colonne de trajan
67%
commode
67%
louve capitoline
67%
sarcophage des époux
67%
Apollon de Véiès
50%
arc de septime sévère
50%
caracalla
50%
chimère d'arezzo
50%
colonne de marc aurèle
50%
groupe des tétrarques
50%
maison du faune
50%
panthéon
50%
Pompée
50%
trajan
50%
Antinoüs
33%
arc de constantin
33%
auguste de prima porta
33%
cloaca maxima
33%
galère
33%
général de tivoli
33%
maison des griffons
33%
muraille servienne
33%
mur d'Hadrien
33%
sarcophage de portonaccio
33%
statue équestre de marc aurèle
33%
statue-menhir
33%
théâtre de Pompée
33%
thermes de caracalla
33%
togatus barberini
33%
tombe regolini-Galassi
33%
urne-cabane
33%
vespasien
33%
arc de titus
17%
brutus capitolin
17%
bucchero nero
17%
colonne perdue d'antonin le pieux
17%
colosse de constantin
17%
Curia Iulia
17%
forum de trajan
17%
hadrien
17%
l'arringatore
17%
mausolée d'auguste
17%
mausolée d'hadrien
17%
philippe l'arabe
17%
port de trajan
17%
septime sévère
17%
via tecta
17%
villa adriana
17%
acrolithe de constantin
0%
Auguste de via labicana
0%
cenatio rotunda
0%
champ de mars
0%
constance chlore
0%
dioclétien
0%
domitien
0%
domus aurea
0%
domus flavia
0%
domus transitoria
0%
forum augusti
0%
forum de nerva
0%
forum transitorium
0%
Hercule Mastai
0%
le guerrier de capestrano
0%
marché de trajan
0%
maximien
0%
muraille d'aurélien
0%
palais des flaviens
0%
sanctuaire de Portonaccio
0%
sanctuaire d'hercule vainqueur
0%
solarium augusti
0%
statue de la curie de Pompée
0%
temple de vénus et de rome
0%
temple de Vénus génitrix
0%
templum pacis
0%
thermes de trajan
0%
titus
0%
trozzella
0%
villa della farnesina
0%
villa des mystères
0%
Aucun quiz correspondant
Distribution des résultats
% des personnes avec chaque résultat
Percentile par nombre de réponses
Votre historique - résultats
Vous n’avez pas pris ce quiz